Detalles MARC
| 000 -Cabecera |
| Campo de control de longitud fija |
01671nam a22005537a 4500 |
| 005 - Fecha y hora de la última transacción |
| Campo de control |
20250627122810.0 |
| 008 - Elementos de longitud fija--Información general |
| Campo de control de longitud fija |
180116b2009 xxu||||| |||| 00| 0 spa d |
| 020 ## - International Standard Book Number |
| Número Internacional Estándar del Libro (ISBN) |
9789871046874 |
| 041 ## - Idioma |
| Código de idioma |
Español |
| 082 ## - Clasificación Decimal Dewey |
| Número de clasificación |
657.450.285 G216a |
| 100 ## - Entrada principal--Autor personal |
| Nombre personal |
García Fronti, Matías |
| 9 (RLIN) |
45394 |
| 100 ## - Entrada principal--Autor personal |
| Nombre personal |
Bautista, Julio |
| 9 (RLIN) |
45395 |
| 245 ## - Título propiamente dicho |
| Título |
Administración de caja y bancos: ultilizando Excel y Access |
| 260 ## - Pie de imprenta |
| Lugar de publicación, distribución, etc. |
Argentina |
| 260 ## - Pie de imprenta |
| Nombre del editor, distribuidor, etc. |
Omiscron System |
| 260 ## - Pie de imprenta |
| Fecha de publicación, distribución, etc. |
2009 |
| 300 ## - Descripción física |
| Extensión |
189 páginas |
| 490 ## - Serie |
| Título de la Serie |
Dirección y Administración de Empresas |
| 505 ## - Nota de contenido |
| Nota de contenido |
Contiene disco compacto N° 648 |
| 650 ## - Materia general |
| Temática (materia general) |
CONTABILIDAD |
| 650 ## - Materia general |
| Temática (materia general) |
PROCESAMIENTO DE DATOS APLICACIONES DE COMPUTADORA |
| 650 ## - Materia general |
| Temática (materia general) |
INCLUYE INNOVACIONES TECNOLÓGICAS |
| 650 ## - Materia general |
| Temática (materia general) |
ADMINISTRACIÓN DE CAJAS Y BANCOS |
| 650 ## - Materia general |
| Temática (materia general) |
APLICACIÓN INFORMÁTICA |
| 650 ## - Materia general |
| Temática (materia general) |
INSTALACIÓN DE ARCHIVOS |
| 650 ## - Materia general |
| Temática (materia general) |
MANEJO DE LOS ARCHIVOS |
| 650 ## - Materia general |
| Temática (materia general) |
REQUERIMIENTOS PARA EL USO DE LOS ARCHIVOS Y APLICACIONES |
| 650 ## - Materia general |
| Temática (materia general) |
SOLUCIONES EN MICROSOFT, EXCEL Y ACCESS |
| 650 ## - Materia general |
| Temática (materia general) |
MICROSOFT OFFICE 2007 |
| 650 ## - Materia general |
| Temática (materia general) |
CAJA DIARIA |
| 650 ## - Materia general |
| Temática (materia general) |
INGRESO DE DATOS |
| 650 ## - Materia general |
| Temática (materia general) |
MOVIMIENTOS DE CAJA |
| 650 ## - Materia general |
| Temática (materia general) |
DEBE |
| 650 ## - Materia general |
| Temática (materia general) |
HABER |
| 650 ## - Materia general |
| Temática (materia general) |
NEGOCIOS |
| 650 ## - Materia general |
| Temática (materia general) |
COMPUTACIÓN |
| 650 ## - Materia general |
| Temática (materia general) |
EXCEL |
| 650 ## - Materia general |
| Temática (materia general) |
ACCESS |
| 650 ## - Materia general |
| Temática (materia general) |
CONTROL DE GASTOS |
| 650 ## - Materia general |
| Temática (materia general) |
SISTEMAS DE BANCOS |
| 650 ## - Materia general |
| Temática (materia general) |
FLUJO DE TESORERÍA |
| 650 ## - Materia general |
| Temática (materia general) |
SISTEMA DE VIÁTICOS |
| 650 ## - Materia general |
| Temática (materia general) |
LIBRO DE CAJA |
| 650 ## - Materia general |
| Temática (materia general) |
LIBRO DE BANCOS |
| 650 ## - Materia general |
| Temática (materia general) |
CONTROL DE CHEQUES |
| 650 ## - Materia general |
| Temática (materia general) |
LISTADO DE COBRANZAS |
| 650 ## - Materia general |
| Temática (materia general) |
HERRAMIENTAS EN MICROSOFT EXCEL |
| 942 ## - Punto de acceso adicional KOHA |
| Tipo de ítem KOHA |
Libro |
| Fuente del sistema de clasificación o colocación |
Dewey Decimal Classification |